Doteky poznání /
| Hlavní autor: | Stanislavová, Irena, 1949- |
|---|---|
| Další autoři: | Jetschgo, Johannes, 1956-, Gola, Jindřich, 1940-2012, Badalíková, Olga, 1951- |
| Jazyk: | Němčina Čeština Angličtina |
| Vydáno: |
Slovensko: [nakladatel není známý], [2000?] |
| Témata: | |
| Fyzický popis: |
56 stran : ilustrace (převážně barevné) ; 30 cm |
| Language note: |
Souběžný anglický a německý text |
| LEADER | 01850nam a2200505 i 4500 | ||
|---|---|---|---|
| 001 | 001577512 | ||
| 003 | CZ BrMZK | ||
| 005 | 20170602074309.0 | ||
| 007 | ta | ||
| 008 | 170522s2000 xo a e c 000 0 cze | ||
| 020 | |q (Brožováno) | ||
| 040 | |a BOE303 |b cze |d BOA001 |e rda | ||
| 041 | 1 | |a cze |a eng |a ger |h cze | |
| 043 | |a e-xr--- | ||
| 045 | |a x9x9 | ||
| 072 | 7 | |a 75 |x Malířství |2 Konspekt |9 21 | |
| 080 | |a 75(437.3) |2 MRF | ||
| 080 | |a 75.036/.038 |2 MRF | ||
| 080 | |a (437.3) |2 MRF | ||
| 080 | |a (083.824) |2 MRF | ||
| 100 | 1 | |a Stanislavová, Irena, |d 1949- |7 ola200200496 |4 art |4 wfw | |
| 245 | 1 | 0 | |a Doteky poznání / |c texty: Johannes Jetschgo, Jindřich Gola, Olga Badalíková, Irena Stanislavová |
| 246 | 1 | 4 | |a Irena Stanislavová |
| 264 | 1 | |a Slovensko: |b [nakladatel není známý], |c [2000?] | |
| 264 | 3 | |a Košice : |b OTA, a.s. | |
| 300 | |a 56 stran : |b ilustrace (převážně barevné) ; |c 30 cm | ||
| 336 | |a text |b txt |2 rdacontent | ||
| 336 | |a statický obraz |b sti |2 rdacontent | ||
| 337 | |a bez média |b n |2 rdamedia | ||
| 338 | |a svazek |b nc |2 rdacarrier | ||
| 500 | |a Životopisná data a přehled výstav | ||
| 546 | |a Souběžný anglický a německý text | ||
| 600 | 1 | 4 | |a Stanislavová, Irena, |d 1949- |7 ola200200496 |
| 648 | 4 | |a 1990-1998 | |
| 648 | 7 | |a 20. století |7 ch460558 |2 czenas | |
| 650 | 0 | 7 | |a české malířství |7 ph116864 |y 20. století |2 czenas |
| 650 | 0 | 7 | |a moderní malířství |7 ph122940 |z Česko |2 czenas |
| 655 | 7 | |a katalogy výstav |7 fd132536 |2 czenas | |
| 700 | 1 | |a Jetschgo, Johannes, |d 1956- |7 xx0019101 |4 wfw | |
| 700 | 1 | |a Gola, Jindřich, |d 1940-2012 |7 ola200202636 |4 wfw | |
| 700 | 1 | |a Badalíková, Olga, |d 1951- |7 xx0037278 |4 wfw | |
| 910 | |a BOA001 |b 4-1388.629 | ||
| 990 | |a BK | ||
| 991 | |b 201706 |c NOV | ||
| 996 | 7 | |b 2610707912 |c 4-1388.629 |l MZK |r Sklad / do 1 hodiny |n 0 |p dar |w 001613445 |u 000010 |a 1 |e BOA001 |j MZK50 |s A | |
English
Čeština 